Aktivní spolutvůrce strategie

Vývoj logistiky a jej definícia. Stratégia logistického systému podniku. Včlenenie útvaru logistiky do organizačnej štruktúry podniku. Úroveň logistického systému podniku je zákazníkmi vnímaná prostredníctvom rozsahu a kvality poskytovaných služieb.

Uložené v:
Podrobná bibliografia
Hlavný autor: Pernica, Petr
Médium: Kapitola
Jazyk:Czech
Predmet:
Tagy: Pridať tag
Žiadne tagy, Buďte prvý, kto otaguje tento záznam!

MARC

LEADER 00000naa a2200000 4500
001 r027384
005 20230522111714.0
041 0 |a cze 
044 |a CZ 
245 1 0 |a Aktivní spolutvůrce strategie  |c Petr Pernica 
520 |a Vývoj logistiky a jej definícia. Stratégia logistického systému podniku. Včlenenie útvaru logistiky do organizačnej štruktúry podniku. Úroveň logistického systému podniku je zákazníkmi vnímaná prostredníctvom rozsahu a kvality poskytovaných služieb. 
610 2 0 |a logistika 
610 2 0 |a tovar 
610 2 0 |a zamestnanci 
610 2 0 |a kapacita výrobná 
610 2 0 |a informácie 
610 2 0 |a riadenie 
610 2 0 |a manažéri 
610 2 0 |a služby 
610 2 0 |a analýza regresná 
610 2 0 |a produktivita práce 
100 1 |a Pernica, Petr